Quiz sur la Suisse - Statistiques

Statistiques générales
  • Ce quiz a été pris 32 075 fois
  • Le résultat moyen est 14 sur 20
Statistiques - réponses
Question Réponse % Correct
Langues nationales Français
99%
Langues nationales Allemand
98%
Capitale Berne
98%
Langues nationales Italien
94%
Plus grand lac Lac Léman
93%
Ville la plus peuplée Zurich
86%
Deux principales marques de montres (nommez-en une) Rolex | Omega
83%
Nom donné aux 26 régions constituantes de la Suisse Cantons
80%
Joueurs de tennis (masculin) qui ont gagné un tournoi du Grand Chelem Roger Federer
79%
Ce que signifient les lettres CH Confœderatio {Helvetica}
69%
Entreprise d'agroalimentaire suisse dont le nom signifie petit nid Nestlé
63%
Plus long fleuve Rhin
60%
Langues nationales Romanche
57%
Héros légendaire suisse qui aurait tiré à l'arbalète sur une pomme posée sur la tête de son fils Guillaume Tell
56%
Capitale olympique Lausanne
56%
Technique de chant caractéristique des chansons traditionnelles alpines Yodel
53%
Joueurs de tennis (masculin) qui ont gagné un tournoi du Grand Chelem Stan Wawrinka
48%
Montagne célèbre représentée sur les logos de Toblerone et Ricola Cervin
43%
Philosophe qui a influencé la révolution française Jean-Jacques Rousseau
36%
Ville-hôte des J.O. en 1928 et 1948 Saint-{Moritz}
31%
Aucun quiz correspondant
Distribution des résultats
% des personnes avec chaque résultat
Percentile par nombre de réponses
Votre historique - résultats
Vous n’avez pas pris ce quiz